[Event "COL-ch U14"]
[Site "Barranquilla"]
[Date "2024.04.14"]
[Round "6"]
[White "Madrigal Montagutt, Anthony Steve"]
[Black "Torres Orozco, Adrian de Jesus"]
[Result "1/2-1/2"]
[WhiteElo "1704"]
[BlackElo "1521"]
[PlyCount "90"]
[EventDate "2024.04.11"]
[EventType "swiss"]
[EventRounds "7"]
[EventCountry "COL"]
[SourceTitle "CB18_2024"]
[SourceDate "2024.05.01"]
[SourceVersion "1"]
[SourceVersionDate "2024.05.01"]
[SourceQuality "2"]

1. e4 c5 2. Nf3 e6 3. d4 cxd4 4. Nxd4 a6 5. Nc3 Qc7 6. a3 Nf6 7. Be3 b5 8. Bd3 Bb7 9. f3 Be7 10. 0-0 d5 11. exd5 Nxd5 12. Nxd5 Bxd5 13. Qd2 0-0 14. Rae1 Nd7 15. Qf2 Nc5 16. Rc1 Nxd3 17. cxd3 Qb7 18. f4 Rfd8 19. f5 e5 20. Ne2 Rac8 21. Qg3 Bf6 22. Nc3 Bc6 23. Rcd1 a5 24. Bg5 Qe7 25. Bxf6 Qxf6 26. Ne4 Bxe4 27. dxe4 h6 28. h3 Rc5 29. Kh2 a4 30. Rxd8+ Qxd8 31. f6 g6 32. Qe3 Qf8 33. Rd1 Rc6 34. Rd5 Rxf6 35. Rxb5 Kg7 36. Ra5 Qb8 37. Qc3 Rb6 38. Qxe5+ Qxe5+ 39. Rxe5 Rxb2 40. Ra5 Re2 41. Rxa4 Re3 42. g3 Re2+ 43. Kg1 Kf6 44. Kf1 Ra2 45. Ra5 Ke6 1/2-1/2